| 000 | 01020nam0a22002771 4500 | ||
|---|---|---|---|
| 001 | rc\3308645 | ||
| 005 | 20260407114944.0 | ||
| 021 |
_aRU _b[71-51078] |
||
| 035 | _a(NLR Aleph) 007503610 | ||
| 090 |
_a7673556 _c7673556 |
||
| 100 | _a20130115d1971 |||y0rusy50 ca | ||
| 101 | 0 | _arus | |
| 102 | _aRU | ||
| 105 | _aa z ||||| | ||
| 200 | 1 |
_a[Путеводитель] _fМ-во культуры ЭССР. Таллин. гор. музей. Дом-музей Петра I |
|
| 210 |
_aТаллин _cБ. и. _d1971 |
||
| 215 |
_a20 с. _cил. _d20 |
||
| 532 | 1 | 3 | _aПутеводитель |
| 606 |
_aИсторические музеи _yТаллин _jПутеводители _2psbo |
||
| 702 | 0 |
_4570 _8rus _7ca _aПетр _cимператор российский _dI _f1672-1725 _3RU\NLR\AUTH\778862 _9118743 |
|
| 710 | 0 | 2 |
_a"Дом Петра I", музей _cТаллин _3RU\NLR\AUTH\8810067063 _9635786 |
| 801 | 0 |
_aRU _bNLR _gpsbo |
|
| 801 | 1 |
_aRU _bELAR _2rusmarc |
|
| 852 |
_aNLR _j71-4/11064 |
||
| 942 | _cBOOK | ||
| 980 | _aNB | ||